[Event "TCh-ESP CECLUB Norte Div 1"]
[Site "Sabadell ESP"]
[Date "2007.08.18"]
[Round "5"]
[White "Kalod,R"]
[Black "Fernandez Aguado,E"]
[Result "1-0"]
[WhiteElo "2486"]
[BlackElo "2365"]

1.e4 e6 2.d4 d5 3.Nc3 Nf6 4.e5 Nfd7 5.Nce2 c5 6.c3 Nc6 7.f4 Qb6 8.Nf3 cxd4
9.cxd4 f6 10.a3 Be7 11.h4 O-O 12.Rh3 a5 13.b3 Qa7 14.Be3 a4 15.b4 Nb6 16.Nc3 Bd7
17.Bd3 Be8 18.h5 Rc8 19.Ne2 Qb8 20.Qb1 h6 21.g4 Nc4 22.Bxc4 dxc4 23.Nc3 b5
24.Ra2 Qb7 25.Qe4 Rc7 26.Kd1 Rd7 27.Rd2 Bf7 28.exf6 gxf6 29.f5 exf5 30.gxf5 Rfd8
31.Rg2+ Kh7 32.Rg6 Bf8 33.Rxf6 Re8 34.Rxf7+  1-0

[Event "Petrovskaya Ladya GM"]
[Site "Peterhof RUS"]
[Date "2007.08.19"]
[Round "10"]
[White "Eliseev,Alexe"]
[Black "Vysochin,S"]
[Result "1/2-1/2"]
[WhiteElo "2421"]
[BlackElo "2518"]

1.e4 e6 2.d4 d5 3.Nc3 Nf6 4.e5 Nfd7 5.f4 c5 6.Nf3 Nc6 7.Be3 Be7 8.Qd2 O-O
9.Bd3 f6 10.exf6 Bxf6 11.Be2 cxd4 12.Nxd4 Bxd4 13.Bxd4 e5 14.Bxe5 Ndxe5 15.fxe5 Be6
16.O-O-O d4 17.Ne4 Qd5 18.Ng5 Qxa2 19.Qd3 Qa1+ 20.Kd2 Qa5+ 21.Kc1 Bf5 22.Qb3+ Kh8
23.Nf7+ Rxf7 24.Qxf7 Qa1+ 25.Kd2 Qa5+ 26.Kc1 Qa1+ 27.Kd2 Qa5+  1/2-1/2

[Event "17th Chess Festival"]
[Site "Abu Dhabi UAE"]
[Date "2007.08.20"]
[Round "9"]
[White "Sergeeva,M"]
[Black "El Arousy,A"]
[Result "1/2-1/2"]
[WhiteElo "2328"]
[BlackElo "2301"]

1.e4 e6 2.d4 d5 3.Nc3 Nf6 4.e5 Nfd7 5.f4 c5 6.Nf3 Nc6 7.Be3 Be7 8.Qd2 Qa5
9.h4 Rb8 10.h5 b5 11.Rh3 b4 12.Nd1 Ba6 13.Nf2 Bxf1 14.Kxf1 cxd4 15.Nxd4 Rc8
16.Kg1 O-O 17.Rg3 Nxd4 18.Bxd4 Bc5 19.f5 Kh8 20.f6 gxf6 21.exf6 Bxd4 22.Qxd4 Rg8
23.Rg7 Qb6 24.Qf4 e5 25.Qf5 Nxf6 26.Rxf7 Rc6 27.Qxe5 Rg7 28.Rxg7 Kxg7 29.Qg5+ Kh8
30.Qf5 Kg7 31.Rf1 Qe3 32.h6+ Kxh6 33.Kh1 Kg7 34.Nh3  1/2-1/2

[Event "17th Chess Festival"]
[Site "Abu Dhabi UAE"]
[Date "2007.08.20"]
[Round "9"]
[White "Mahjoob,M"]
[Black "Hossain,Enam"]
[Result "0-1"]
[WhiteElo "2479"]
[BlackElo "2485"]

1.e4 e6 2.d4 d5 3.Nc3 Nf6 4.e5 Nfd7 5.f4 c5 6.Nf3 a6 7.Be3 Qb6 8.Na4 Qa5+
9.c3 cxd4 10.b4 Qc7 11.Bxd4 Nc6 12.Nb2 a5 13.Bd3 Nxd4 14.cxd4 Qc3+ 15.Qd2 Bxb4
16.Ke2 Qxd2+ 17.Nxd2 Bc3 18.Rab1 Bxd4 19.Na4 f6 20.exf6 Bxf6 21.Rhc1 O-O
22.Bb5 Rd8 23.Rc7 e5 24.f5 e4 25.Rbc1 Bg5 26.Rf1 Nf6 27.Nb6 Rb8 28.Nb3 d4
29.Nxd4 Rxd4 30.Nxc8 Rd2+ 31.Ke1 Rxg2 32.Bc4+ Kh8 33.Nd6 Bh4+ 34.Kd1 h6 35.Kc1 b5
36.Nxb5 e3 37.Re7 Bg5 38.Re1 Rxh2 39.Re2 Rxe2 40.Bxe2 Nd5 41.Re5 Nf4 42.Bc4 e2
43.Kc2 Bh4 44.Rxe2 Nxe2 45.Bxe2 Bf6  0-1

[Event "16th VR Bank Open"]
[Site "Apolda GER"]
[Date "2007.08.23"]
[Round "1"]
[White "Kritz,L"]
[Black "Heimers,P"]
[Result "1-0"]
[WhiteElo "2571"]
[BlackElo "1888"]

1.e4 e6 2.d4 d5 3.Nc3 Nf6 4.e5 Nfd7 5.f4 c5 6.Nf3 Nc6 7.Be3 a6 8.Qd2 b5 9.a3 Bb7
10.Be2 Qb6 11.Nd1 cxd4 12.Nxd4 Nxd4 13.Bxd4 Bc5 14.c3 O-O 15.Ne3 Bxd4 16.cxd4 f6
17.Bf3 fxe5 18.fxe5 Rac8 19.O-O Bc6 20.Bg4 Bb7 21.h4 Rxf1+ 22.Rxf1 Qc6 23.Qb4 Qb6
24.Qe7  1-0

[Event "Epetium Open"]
[Site "Stobrec CRO"]
[Date "2007.08.24"]
[Round "6"]
[White "Sunara,T"]
[Black "Klaric,A1"]
[Result "1-0"]
[WhiteElo "1997"]
[BlackElo "1874"]

1.e4 e6 2.d4 d5 3.Nc3 Nf6 4.e5 Nfd7 5.f4 h5 6.Nf3 c5 7.Be3 g6 8.Ne2 b6 9.c3 Ba6
10.Ng3 Bxf1 11.Nxf1 Nc6 12.Ng3 h4 13.Ne2 Ne7 14.O-O Nf5 15.Bf2 Be7 16.Qd2 Kf8
17.g4 hxg3 18.hxg3 c4 19.Kg2 Kg7 20.Rh1 Rh6 21.g4 Nh4+ 22.Bxh4 Bxh4 23.g5 Rh5
24.Rxh4 Qh8 25.Rah1 Qh7 26.Ng3  1-0

[Event "Dato Arthur Tan Malaysian Op"]
[Site "Kuala Lumpur MAS"]
[Date "2007.08.25"]
[Round "10"]
[White "Wan Yunguo"]
[Black "Zhou Weiqi"]
[Result "1-0"]
[WhiteElo "2386"]
[BlackElo "2469"]

1.e4 e6 2.d4 d5 3.Nc3 Nf6 4.e5 Nfd7 5.f4 c5 6.Nf3 Nc6 7.Be3 Be7 8.Qd2 O-O
9.g3 Qa5 10.a3 Nb6 11.dxc5 Bxc5 12.Nxd5 exd5 13.Qxa5 Bxe3 14.Qc3 d4 15.Qd3 g6
16.Nh4 Be6 17.Ng2 Bf5 18.Qe2 Be4 19.Nxe3 dxe3 20.Bg2 Nd4 21.Bxe4 Nxe2 22.Kxe2 f6
23.exf6 Rae8 24.Bxb7 Rxf6 25.Rhd1 Re7 26.Bf3 Rc7 27.Rac1 Na4 28.Rd4 Nxb2
29.Rb4 Rb6 30.Bd5+ Kf8 31.c4 Rc5 32.Rc2  1-0

[Event "16th VR Bank Open"]
[Site "Apolda GER"]
[Date "2007.08.26"]
[Round "6"]
[White "Sobolevsky,L"]
[Black "Zuther,T"]
[Result "1/2-1/2"]
[WhiteElo "2316"]
[BlackElo "2108"]

1.e4 e6 2.d4 d5 3.Nc3 Nf6 4.e5 Nfd7 5.Nce2 c5 6.c3 Nc6 7.f4 Qb6 8.Nf3 cxd4
9.cxd4 f6 10.Nc3 fxe5 11.fxe5 Be7 12.Bd3 O-O 13.a3 Rf7 14.Na4 Qd8 15.O-O a6
16.b4 Qe8 17.Nc5 Nxc5 18.bxc5 g6 19.Rb1 Rxf3 20.Qxf3 Nxd4 21.Qf2 Nc6 22.Bf4 Qf8
23.Rbc1 Bd7 24.Qe3 Qg7 25.Rfe1 g5 26.Bg3 Be8 27.h3 Rc8 28.Kh1 Bg6 29.Bxg6 Qxg6
30.Red1 Bf8 31.Rb1 Rc7 32.Rf1 Rf7 33.Qb3 Nd4 34.Qa4 Ne2 35.Bh2 Nc3 36.Qb3 Nxb1
37.Rxb1 Bxc5 38.Rc1 b6 39.Qa4 a5 40.Bg1 Bxg1 41.Kxg1 Qf5 42.Qc6 Qxe5 43.Rb1 Qe3+
44.Kh2 d4 45.Qxb6 Qe5+ 46.Kg1 Rd7 47.Qc6 Qd6 48.Qa8+  1/2-1/2

[Event "1st Serbian League Women"]
[Site "Zlatibor SRB"]
[Date "2007.08.27"]
[Round "7"]
[White "Gaponenko,I"]
[Black "Vojinovic,J"]
[Result "1/2-1/2"]
[WhiteElo "2458"]
[BlackElo "2217"]

1.e4 e6 2.d4 d5 3.Nc3 Nf6 4.e5 Nfd7 5.f4 c5 6.Nf3 Nc6 7.Be3 a6 8.Qd2 b5 9.dxc5 Bxc5
10.Ne2 Qb6 11.Bxc5 Nxc5 12.Ned4 Ne4 13.Qe3 Bb7 14.Bd3 O-O 15.O-O Rfd8 16.a3 b4
17.Rfe1 bxa3 18.Rxa3 Nb4 19.Nb3 Qxe3+ 20.Rxe3 Rac8 21.Nfd4 g6 22.Ra4 Nxd3
23.cxd3 Nc5 24.Nxc5 Rxc5 25.Kf2 Rb8 26.Rb4 h5 27.Re1 Rc7 28.Ke3 Ra8 29.Kd2  1/2-1/2

[Event "15th Open"]
[Site "Nikea GRE"]
[Date "2007.08.29"]
[Round "8"]
[White "Panagiotakos,N"]
[Black "Xylogiannopoulos,A"]
[Result "1/2-1/2"]
[WhiteElo "2055"]
[BlackElo "1930"]

1.e4 e6 2.d4 d5 3.Nc3 Nf6 4.e5 Nfd7 5.f4 c5 6.Nf3 Nc6 7.Be3 cxd4 8.Nxd4 Bc5
9.Qd2 O-O 10.O-O-O a6 11.h4 Nxd4 12.Bxd4 b5 13.h5 b4 14.Na4 Bxd4 15.Qxd4 a5
16.g4 Qc7 17.g5 Ba6 18.g6 Rac8 19.gxh7+ Kh8 20.Bd3 Qc6 21.h6 g6 22.b3 Bxd3
23.Qxd3 Nc5 24.Nxc5 Qxc5 25.Rh2 Qc3  1/2-1/2

[Event "Kalamaria Open"]
[Site "Thessaloniki GRE"]
[Date "2007.08.29"]
[Round "6"]
[White "Mastrovasilis,D"]
[Black "Aginian,N"]
[Result "1-0"]
[WhiteElo "2541"]
[BlackElo "2261"]

1.e4 e6 2.d4 d5 3.Nc3 Nf6 4.e5 Nfd7 5.f4 c5 6.Nf3 Nc6 7.Be3 cxd4 8.Nxd4 Bc5
9.Qd2 O-O 10.g3 a6 11.Bg2 Nxd4 12.Bxd4 b5 13.Ne2 Bb7 14.O-O Qc7 15.Rae1 b4
16.Bxc5 Qxc5+ 17.Rf2 Nb6 18.b3 Rac8 19.Nd4 Qc3 20.f5 Qxd2 21.Rxd2 exf5 22.Nxf5 Rc7
23.e6 fxe6 24.Rxe6 Rf6 25.Rxf6 gxf6 26.Re2 Nc8 27.Kf2 Kf7 28.Ke1 Rc5 29.Kd2 Ra5
30.Bf3 Kg6 31.Nh4+ Kg5 32.Re8 Nd6 33.Re7 Bc8 34.Rxh7 f5 35.Rh5+ Kf6 36.Rh6+ Ke5
37.Ng6+ Kd4 38.Ne7 Kc5 39.Rxd6 Kxd6 40.Nxc8+ Ke5 41.Ne7 Rxa2 42.Nc6+ Kd6
43.Nxb4 Ra1 44.Nxd5 Ke5 45.Nf4 Rf1 46.Nd3+ Kd6 47.Ke3 a5 48.h4 Ke6 49.Be2 Rg1
50.Kf2 Rh1 51.Bf1  1-0

[Event "3rd Geller mem Open A"]
[Site "Odessa UKR"]
[Date "2007.09.08"]
[Round "1"]
[White "Varchenko,G"]
[Black "Sumets,A"]
[Result "0-1"]
[WhiteElo "2223"]
[BlackElo "2529"]

1.e4 e6 2.d4 d5 3.Nc3 Nf6 4.e5 Nfd7 5.f4 c5 6.Nf3 Nc6 7.Be3 cxd4 8.Nxd4 Bc5
9.Qd2 O-O 10.Be2 a6 11.O-O Nxd4 12.Bxd4 b5 13.Bf3 Qb6 14.Rad1 a5 15.Kh1 Bxd4
16.Qxd4 b4 17.Ne2 Ba6 18.Rfe1 Bxe2 19.Rxe2 Qxd4 20.Rxd4 Rfc8 21.f5 Ra6 22.fxe6 fxe6
23.Kg1 Rac6 24.Bg4 Kf8 25.Rdd2 Ke7 26.b3 Rf8 27.Rd4 Rfc8 28.Rdd2 Rc3 29.Kf2 Rf8+
30.Ke1 Rf4 31.Bh3 Rh4 32.Rd3 Rxd3 33.cxd3 g5  0-1

[Event "3rd Geller mem Open A"]
[Site "Odessa UKR"]
[Date "2007.09.10"]
[Round "3"]
[White "Semenova,Ir"]
[Black "Kiselev,Vit2"]
[Result "1-0"]
[WhiteElo "2217"]
[BlackElo "2509"]

1.e4 e6 2.d4 d5 3.Nc3 Nf6 4.e5 Nfd7 5.f4 c5 6.Nf3 Nc6 7.Be3 Rb8 8.Qd2 Qa5
9.a3 b5 10.Ra2 Be7 11.Be2 f5 12.exf6 Bxf6 13.O-O b4 14.axb4 Qxb4 15.Ra4 Qxb2
16.Rb1 Qxb1+ 17.Nxb1 Rxb1+ 18.Kf2 c4 19.Ne5 Ndxe5 20.dxe5 Bd8 21.Bc5 Rb5
22.Ba3 Bb6+ 23.Kg3 Nd4 24.Bxc4 dxc4 25.Rxc4 Nf5+ 26.Kh3 Bd7 27.g4 Ne3 28.Qd6 Bd8
29.Rd4 Rb7 30.Qa6 h5 31.g5 Nf5 32.Qxb7 Nxd4 33.c4 a5 34.Qe4 Nf5 35.Kg2 g6
36.Kf2 Rh7 37.Qb7 Rf7 38.Bc5 a4 39.Qa8 Ne7 40.Bb6 Nc6 41.Ke3 Rf8 42.Bc5 Rg8
43.Bd6 Ne7 44.Bc7 Nf5+ 45.Kd3 Ke7 46.Ba5 h4 47.Bb4+ Kf7 48.Qa7 Be7 49.Bxe7 Kxe7
50.c5 Rc8 51.c6 Rxc6 52.Qxa4 Rc8 53.Qb4+ Ke8 54.Kd2 Ne7 55.Qb1 Bc6 56.Qb4 Ra8
57.Qb3 Rd8+ 58.Kc1 Kf7 59.Qh3 Nf5 60.Qc3 Nd4 61.Qh3 Nf3 62.Qf1 Nxh2 63.Qa6 Bd7
64.Qe2 Rc8+ 65.Kb2 Rb8+ 66.Ka1 Rb3 67.Qxh2 h3 68.Qf2 Ra3+ 69.Kb2 Ra4 70.Qh4 Rb4+
71.Ka2 Be8 72.Qh7+ Kf8 73.f5 gxf5 74.g6 Bxg6 75.Qxg6 Rb6 76.Qh6+ Ke8  1-0

[Event "3rd Geller mem Open A"]
[Site "Odessa UKR"]
[Date "2007.09.12"]
[Round "5"]
[White "Semenova,Ir"]
[Black "Vysochin,S"]
[Result "1/2-1/2"]
[WhiteElo "2217"]
[BlackElo "2518"]

1.e4 e6 2.d4 d5 3.Nc3 Nf6 4.e5 Nfd7 5.f4 c5 6.Nf3 Nc6 7.Be3 Be7 8.Qd2 O-O
9.Bd3 f6 10.exf6 Nxf6 11.dxc5 Kh8 12.Ne2 Ng4 13.Bg1 e5 14.h3 Nh6 15.Nxe5 Nxe5
16.fxe5 Nf5 17.Bxf5 Rxf5 18.Bd4 b6 19.cxb6 axb6 20.Qd3 Qf8 21.Ng3 Rf4 22.O-O-O Rxa2
23.Kb1 Ba6 24.Qe3 Ra4 25.b3 Ra5 26.Bxb6 Rb5 27.Rd4 Bg5 28.Rxf4 Qxf4 29.Qxf4 Bxf4
30.Ne2 Bxe5 31.Bd4 Rb4 32.Bxe5 Bxe2 33.Re1 Re4 34.Bc3 Kg8 35.Kc1 Re8 36.Kd2 Bb5
37.Rxe8+ Bxe8 38.Bd4 Kf7 39.Ke3 g5 40.g3 Ke6 41.Bb6 Bg6 42.c3 Be4 43.Bd8 Bg2
44.h4 gxh4 45.gxh4 Kd7 46.Bg5 h5 47.Kd4 Kc6 48.Ke5 Bf3  1/2-1/2

[Event "3rd Geller mem Open A"]
[Site "Odessa UKR"]
[Date "2007.09.14"]
[Round "7"]
[White "Vasilyev,M"]
[Black "Vdovichenko,V"]
[Result "0-1"]
[WhiteElo "2329"]
[BlackElo "2198"]

1.e4 e6 2.d4 d5 3.Nc3 Nf6 4.e5 Nfd7 5.f4 c5 6.Nf3 Nc6 7.Be3 a6 8.Qd2 b5 9.g3 Qb6
10.Bg2 cxd4 11.Nxd4 Nxd4 12.Bxd4 Bc5 13.Ne2 a5 14.O-O Ba6 15.Bxc5 Qxc5+ 16.Nd4 b4
17.Rf2 g6 18.Re1 h5 19.h3 Nb6 20.b3 Rc8 21.Re3 Rd8 22.Bf3 Kd7 23.c3 Rb8 24.g4 hxg4
25.hxg4 Rhc8 26.cxb4 Qc1+ 27.Kg2 axb4 28.Qxc1 Rxc1 29.Be2 Bxe2 30.Rexe2 Rh8
31.Rc2 Rd1 32.Nc6 Rhh1 33.Kf3 Rh3+ 34.Ke2 Rg1 35.g5 d4 36.Nxb4 Nd5 37.Nxd5 d3+
38.Kd2 dxc2 39.Nf6+ Kc6 40.Kxc2 Rhg3 41.Kd2 Ra1 42.Re2 Rh3 43.Re3 Rxa2+ 44.Kd3 Rxe3+
45.Kxe3 Ra3 46.Ke4 Rxb3 47.Kd4 Rb4+ 48.Ke3 Rb3+ 49.Kd4 Ra3 50.Ng4 Ra4+ 51.Ke3 Kd5
52.Nf6+ Kc4 53.Ne8 Ra1 54.Nd6+ Kd5 55.Kf3 Ra3+ 56.Kg4 Ra7 57.Kf3 Rd7 58.Ne8 Rd8
59.Nf6+ Kd4 60.Ne4 Ra8 61.Nd6 Ra1 62.Nxf7 Rf1+ 63.Kg3 Ke3 64.Nh8 Rf3+ 65.Kg4 Rxf4+
66.Kg3 Rf8 67.Nxg6 Rg8 68.Ne7 Rxg5+ 69.Kh4 Rxe5 70.Kg4 Rc5 71.Ng6 e5 72.Ne7 e4
73.Ng6 Kd2  0-1

[Event "3rd Geller mem Open A"]
[Site "Odessa UKR"]
[Date "2007.09.14"]
[Round "7"]
[White "Varchenko,G"]
[Black "Ovsiannikov,M"]
[Result "0-1"]
[WhiteElo "2223"]
[BlackElo "2081"]

1.e4 e6 2.d4 d5 3.Nc3 Nf6 4.e5 Nfd7 5.f4 c5 6.Nf3 Nc6 7.Be3 Qb6 8.Na4 Qa5+
9.c3 b6 10.Kf2 Ba6 11.Bxa6 Qxa6 12.b3 cxd4 13.cxd4 Ba3 14.g4 b5 15.Nc5 Nxc5
16.dxc5 d4 17.Bd2 Bxc5 18.Qc2 Nb4 19.Qe4 O-O 20.Kg3 Nd5 21.h4 f5 22.exf6 Nxf6
23.Qe5 Qd6 24.Rae1 Rae8 25.Ng5 Qxe5 26.Rxe5 Bd6 27.Rxe6 Rxe6 28.Nxe6 Ne4+
29.Kg2 Re8 30.f5 Nxd2 31.Rd1 Bb4 32.Nxd4 Re4 33.Nc6 Re2+ 34.Kh3 Bd6 35.g5 Rh2+
36.Kg4 Rg2+ 37.Kh5 Ne4 38.Nxa7 Nf6+ 39.gxf6 g6+  0-1

[Event "3rd Geller mem Open A"]
[Site "Odessa UKR"]
[Date "2007.09.14"]
[Round "7"]
[White "Semenova,Ir"]
[Black "Lushenkov,M"]
[Result "1/2-1/2"]
[WhiteElo "2217"]
[BlackElo "2447"]

1.e4 e6 2.d4 d5 3.Nc3 Nf6 4.e5 Nfd7 5.f4 c5 6.Nf3 Nc6 7.Be3 Qb6 8.Na4 Qa5+
9.c3 b6 10.Bd2 c4 11.b3 b5 12.Nc5 Nxc5 13.b4 Nd3+ 14.Bxd3 Qa3 15.Bc2 a5 16.bxa5 b4
17.O-O Qxa5 18.Ng5 g6 19.f5 exf5 20.g4 bxc3 21.Be3 f4 22.Rxf4 Bh6 23.Rxf7 Bxg5
24.Bxg5 Kxf7 25.Qf3+ Kg8 26.Rf1 Be6 27.Qf6 Nxd4 28.Bh6 Nf3+ 29.Rxf3 Qa7+
30.Kg2 Qf7 31.Qg5 Qe8 32.Qf6 Qf7 33.Qg5 Qe8 34.Rf8+ Qxf8 35.Bxf8 Rxf8 36.Bxg6 h6
37.Bf7+ Kxf7 38.Qf6+ Ke8 39.Qxe6+ Kd8 40.Qxd5+ Ke7 41.Qd6+ Kf7 42.Qf6+ Ke8
43.Qe6+ Kd8 44.Qxc4 Kd7 45.Qd5+ Kc7 46.Qd6+ Kb7 47.Qb4+ Kc6 48.Qc4+ Kd7 49.Qd4+ Kc6
50.Qc4+ Kd7  1/2-1/2

[Event "LNA Copa Puma"]
[Site "Argentina ARG"]
[Date "2007.09.15"]
[Round "6"]
[White "Alonso,S"]
[Black "Julia,E"]
[Result "1/2-1/2"]
[WhiteElo "2403"]
[BlackElo "2367"]

1.e4 e6 2.d4 d5 3.Nc3 Nf6 4.e5 Nfd7 5.f4 c5 6.Nf3 Nc6 7.Be3 cxd4 8.Nxd4 Bc5
9.Qd2 Nxd4 10.Bxd4 Bxd4 11.Qxd4 Qb6 12.Qxb6 Nxb6 13.Nb5 Ke7 14.Bd3 Bd7 15.Nd4 Rac8
16.b3 a6 17.Kd2 Rc7 18.Rae1 Nc8 19.Rhf1 Na7 20.a4 Nc6 21.Nxc6+ Rxc6 22.Ke3 Rc7
23.Rf2 Rb8 24.g4 b5 25.a5 b4 26.f5 Bb5 27.f6+ gxf6 28.Rxf6 Bxd3 29.cxd3 Kf8
30.h4 Kg7 31.g5 Rc2 32.Rg1 Rh2 33.Rf4 Rh3+ 34.Kd4 Rc8 35.Rgf1 Rc7 36.R1f2  1/2-1/2

[Event "TCh-FIN 2007-8"]
[Site "Finland FIN"]
[Date "2007.09.15"]
[Round "1"]
[White "Luukkonen,T"]
[Black "Westerinen,H"]
[Result "1/2-1/2"]
[WhiteElo "2238"]
[BlackElo "2371"]

1.e4 e6 2.d4 d5 3.Nc3 Nf6 4.e5 Ne4 5.Nxe4 dxe4 6.Be3 c5 7.Qg4 cxd4 8.O-O-O Qa5
9.Rxd4 Nc6 10.Rxe4 h5 11.Qd1 Qxa2 12.c3 Bd7 13.Ra4 Qd5 14.Qxd5 exd5 15.Bb5 Nxe5
16.Bxd7+ Nxd7 17.Rxa7 Rxa7 18.Bxa7 b6 19.Nf3 Bd6 20.Rd1 Ke7 21.Nd4 Bc5 22.Nf5+ Kf6
23.Rxd5 Ke6 24.Rd2 g6 25.Nd4+ Bxd4 26.Rxd4 Ra8 27.Rxd7 Kxd7 28.Bxb6 Ra1+
29.Kc2 Rh1 30.h3 Rh2 31.g3 Rxh3 32.Be3 f6 33.Bd4 Ke6 34.b4 h4 35.gxh4 Rxh4
36.Kd3 f5 37.b5 Kd6 38.c4 Rh3+ 39.Ke2 g5 40.c5+ Kd5 41.c6 Rh7 42.Bf6 Kc5
43.Bd8 Ra7 44.c7 Ra8 45.b6 Kc6 46.Ke3 Rc8 47.Bxg5 Kxb6 48.Bd8 Kc6 49.Kf4 Kd7
50.Kxf5 Ra8 51.f4 Ra6 52.Kg5 Rc6 53.f5 Ke8 54.Kf4 Kf7 55.Ke5 Rc1 56.Kd6 Rc2
57.Bg5 Rc3 58.Bd2 Rxc7  1/2-1/2

[Event "17th Senior WCh"]
[Site "Gmunden AUT"]
[Date "2007.09.25"]
[Round "8"]
[White "Ivanets,V RUS"]
[Black "Loktiev,I"]
[Result "1-0"]
[WhiteElo "2245"]
[BlackElo "2350"]

1.e4 e6 2.d4 d5 3.Nc3 Nf6 4.e5 Nfd7 5.Nf3 c5 6.Bb5 Nc6 7.O-O a6 8.Bxc6 bxc6
9.Ne2 cxd4 10.Qxd4 Qb6 11.Qf4 h6 12.Qg3 g6 13.Nf4 Nc5 14.Nd2 Bg7 15.Nh5 Bf8
16.Nf6+ Kd8 17.Rd1 Be7 18.Nfe4 Nxe4  1-0

[Event "27th Open"]
[Site "Munich GER"]
[Date "2007.10.03"]
[Round "5"]
[White "Raykhman,A"]
[Black "De Francesco,K"]
[Result "1-0"]
[WhiteElo "2089"]
[BlackElo "2277"]

1.e4 e6 2.d4 d5 3.Nc3 Nf6 4.e5 Nfd7 5.f4 c5 6.Nf3 Nc6 7.Be3 a6 8.Qd2 b5 9.h4 Qb6
10.h5 h6 11.Rh3 cxd4 12.Nxd4 Nxd4 13.Bxd4 Bc5 14.Ne2 b4 15.O-O-O Bxd4 16.Nxd4 Nc5
17.Qe3 Ne4 18.Bd3 Bb7 19.Bxe4 dxe4 20.Nb3 Qc7 21.Nc5 Bd5 22.Nxe4 O-O 23.b3 a5
24.Rg3 Kh8 25.Qc5 Qd8 26.f5 Qh4 27.f6 Rg8 28.fxg7+ Rxg7 29.Rxg7 Kxg7 30.Nf6 Qf4+
31.Kb1 Qxe5 32.Nxd5 Rd8 33.Qxa5 Qxh5 34.Rc1 Qxd5 35.Qxb4 e5 36.Qg4+ Kf8 37.Re1 Qa5
38.Rf1 Qd5 39.Rf6 Qd1+ 40.Qxd1 Rxd1+ 41.Kb2 Ke7 42.Rf2 Ke6 43.Re2 f5 44.a4 f4
45.a5 Kf5 46.b4 e4 47.b5 e3 48.a6 Rd2 49.a7 Rxe2 50.a8=Q Rd2 51.Kc3 Rd6 52.b6 e2
53.Qe8 Re6 54.Qh5+ Kf6 55.Qxh6+ Ke7 56.Qxe6+  1-0

[Event "FSIM October"]
[Site "Budapest HUN"]
[Date "2007.10.06"]
[Round "1"]
[White "Royset,P"]
[Black "Werner,Di"]
[Result "1/2-1/2"]
[WhiteElo "2230"]
[BlackElo "2346"]

1.e4 e6 2.d4 d5 3.Nc3 Nf6 4.e5 Nfd7 5.f4 c5 6.Nf3 Nc6 7.Be3 Rb8 8.Qd2 Qa5
9.Bd3 b5 10.O-O b4 11.Nd1 cxd4 12.Nxd4 Nxd4 13.Bxd4 Bc5 14.Bxc5 Nxc5 15.Ne3 Ba6
16.f5 Nxd3 17.cxd3 Qc7 18.fxe6 fxe6 19.Rac1 Qe7 20.Qd1 Rf8 21.Qh5+ Kd7 22.Rxf8 Rxf8
23.Qd1 Bb5 24.Qc2 Qd8 25.d4 Qb6 26.Qxh7 Rf7 27.Qg8 Ke7 28.Qc8 Be8 29.Rc5 Kf8
30.Nc2 b3 31.axb3 Qxb3 32.Qxe6 Qd3 33.h4 Qf1+ 34.Kh2 Qf4+ 35.Kg1 Qf2+ 36.Kh2 Qf4+
37.Kg1 Qf2+ 38.Kh2 Rf4 39.Rc3 Rxh4+ 40.Rh3 Qf4+ 41.Kg1 Qc1+ 42.Kh2 Qf4+  1/2-1/2

[Event "KNSB TCh-NED 2007-8"]
[Site "Netherlands NED"]
[Date "2007.10.06"]
[Round "2"]
[White "Van Haastert,E"]
[Black "Peng Zhaoqin"]
[Result "1/2-1/2"]
[WhiteElo "2414"]
[BlackElo "2419"]

1.e4 e6 2.d4 d5 3.Nc3 Nf6 4.e5 Nfd7 5.f4 c5 6.Nf3 Nc6 7.Be3 Be7 8.Qd2 O-O
9.dxc5 Bxc5 10.O-O-O Qb6 11.Bxc5 Nxc5 12.f5 Ne4 13.Nxe4 dxe4 14.f6 h6 15.fxg7 Kxg7
16.Qf4 exf3 17.Qf6+ Kg8 18.Qxh6 Nxe5 19.gxf3 f5 20.Bc4 Kf7 21.Rhg1 Ke8 22.Rg7 Nf7
23.Qf6 Qe3+ 24.Kb1 Bd7 25.a3 Rc8 26.Bb3 b5 27.f4 Rc6 28.Rdg1 a5 29.Ka2 Qxg1
30.Rxg1 a4 31.Bd5 Rd6 32.Re1 Nd8 33.Qg6+ Ke7 34.Bf3 Rf6 35.Qh7+ Nf7 36.Qh4 Rd2
37.Rg1 e5 38.fxe5 Nxe5 39.Qe1 Be6+ 40.Kb1 Nxf3 41.Qe3 Nxg1 42.Qxd2 f4 43.Qb4+ Kf7
44.Qxb5 f3 45.Qh5+ Rg6 46.Qh7+ Kf6 47.Qh8+ Kf5 48.Qh5+ Rg5 49.Qh7+ Kf4 50.Qh4+ Kf5
51.Qh7+ Ke5 52.Qh8+ Ke4 53.Qf6 Re5 54.Qg6+  1/2-1/2

[Event "FSIM October"]
[Site "Budapest HUN"]
[Date "2007.10.14"]
[Round "9"]
[White "Farago,S"]
[Black "Cooke,E"]
[Result "1/2-1/2"]
[WhiteElo "2261"]
[BlackElo "2253"]

1.e4 e6 2.d4 d5 3.Nc3 Nf6 4.e5 Nfd7 5.Nce2 c5 6.c3 Nc6 7.f4 Qb6 8.Nf3 cxd4
9.cxd4 Bb4+ 10.Kf2 f6 11.exf6 Nxf6 12.g3 Ne4+ 13.Kg2 O-O 14.a3 Be7 15.Nc3 Bf6
16.Na4 Qd8 17.Be2 Bd7 18.Be3 Rb8 19.Rc1 b5 20.Nc5 Nxc5 21.Rxc5 b4 22.Qc2 Qb6
23.a4 Rfc8 24.Rc1 Be7 25.Bd3 h6 26.Bh7+ Kh8 27.Rb5 Qd8 28.Qd3 Bf6 29.b3 Rxb5
30.axb5 Ne7 31.Rc5 Qb6 32.Qc2 Rxc5 33.dxc5 Qxb5 34.Bd3 Qb7 35.Nd4 Nc6 36.Nb5 d4
37.Nd6 Qa8 38.Bd2 a5 39.Be4 Qa6 40.Kf2 e5 41.Bd3 Qa8 42.Bc4 Nd8 43.fxe5 Bh3
44.Qe4 Qxe4 45.Nxe4 Bxe5 46.Bf4 Bxf4 47.gxf4 Kh7 48.Bb5 Kg6 49.c6 Ne6 50.Nd6 Nc7
51.Bd3+ Kf6 52.Nb7 Bf5 53.Ke2 a4 54.bxa4 b3 55.Nd6 Be6 56.Nb5 Nd5 57.Nxd4 Nc3+
58.Kd2 Nxa4 59.c7 Nb6 60.f5 Bc8 61.Nb5 Bd7 62.Kc3 Bxb5 63.Bxb5 Nd5+ 64.Kxb3 Nxc7
65.Bd3  1/2-1/2

[Event "3rd Arctic Cup"]
[Site "Salekhard RUS"]
[Date "2007.10.17"]
[Round "10"]
[White "Pagerka,M"]
[Black "Cherniuk,M"]
[Result "1/2-1/2"]
[WhiteElo "2099"]
[BlackElo "2126"]

1.e4 e6 2.d4 d5 3.Nc3 Nf6 4.e5 Nfd7 5.f4 c5 6.Nf3 Nc6 7.Be3 Qb6 8.Na4 Qa5+
9.c3 c4 10.b4 Nxb4 11.cxb4 Bxb4+ 12.Kf2 b5 13.a3 Be7 14.Nc5 Qb6 15.Nxd7 Bxd7
16.Be2 a5 17.Qc2 O-O 18.Ng5 Bxg5 19.fxg5 b4 20.Rhb1 Rfc8 21.Qa2 Rab8 22.Bd1 Qc6
23.axb4 axb4 24.Ba4 Qxa4 25.Qxa4 Bxa4 26.Rxa4 b3 27.Ra3 Ra8 28.Bc1 Rxa3 29.Bxa3 Ra8
30.Bb2 f6 31.gxf6 gxf6 32.exf6 Kf7 33.Ke3 Kxf6 34.Kf4 Rf8 35.Ra1 Ke7+ 36.Ke3 Rg8
37.g3 h5 38.Ra7+ Kf6 39.Ra1 Kg5 40.Rf1 h4 41.Rg1 Kf6 42.g4 Kg5 43.h3 Rf8
44.Ra1 Rf4 45.Rd1 Rf8 46.Ra1 Rf4 47.Rd1 Rf8 48.Ra1 Rf4  1/2-1/2

[Event "ch-ISL Rapid"]
[Site "Reykjavik ISL"]
[Date "2007.10.19"]
[Round "2.1"]
[White "Thorhallsson,T"]
[Black "Kristinsson,Bj"]
[Result "1-0"]
[WhiteElo "2448"]
[BlackElo "1798"]

1.e4 e6 2.d4 d5 3.Nc3 Nf6 4.e5 Nfd7 5.f4 c5 6.Nf3 Nc6 7.Be3 cxd4 8.Nxd4 Bc5
9.Qd2 Nxd4 10.Bxd4 Bxd4 11.Qxd4 Qb6 12.Nb5 Qxd4 13.Nxd4 a6 14.a4 Ke7 15.c4 dxc4
16.Bxc4 Nb6 17.Bb3 Bd7 18.a5 Nc8 19.Ke2 Na7 20.Rhd1 Rhd8 21.Bc2 Rac8 22.Be4 Bc6
23.Nxc6+ Nxc6 24.Rxd8 Kxd8 25.Ra4 Ke7 26.Rc4 Kd7 27.b4 f6 28.exf6 gxf6 29.g4 h6
30.Bxc6+ bxc6 31.Rd4+ Ke7 32.Ke3 e5 33.Rc4 Kd6 34.Ke4 Rg8 35.Kf5 exf4 36.Rxf4 Ke7
37.h4 Kf7 38.Rd4 Rb8 39.Rd7+ Ke8 40.Rc7 Rb5+ 41.Kxf6 Rxb4 42.g5 Rf4+ 43.Ke6 Re4+
44.Kf6 Rf4+ 45.Kg6 Rxh4 46.gxh6 Rh1 47.h7 Rg1+ 48.Kf6 Rf1+ 49.Ke6 Re1+ 50.Kd6 Rh1
51.h8=Q+  1-0

[Event "TCh-BEL 2007-8"]
[Site "Belgium BEL"]
[Date "2007.10.21"]
[Round "2"]
[White "Van den Dikkenberg,E"]
[Black "Bauduin,E"]
[Result "0-1"]
[WhiteElo "2121"]
[BlackElo "2307"]

1.e4 e6 2.d4 d5 3.Nc3 Nf6 4.e5 Nfd7 5.Nce2 c5 6.c3 Nc6 7.Nf3 cxd4 8.cxd4 f6
9.exf6 Nxf6 10.Ng3 Bd6 11.Bd3 O-O 12.O-O Bd7 13.Bg5 Qe8 14.Rc1 h6 15.Bxf6 Rxf6
16.Bb1 Qf7 17.Qd3 g6 18.a3 Rf8 19.Rc3 Qg7 20.Rd1 Be8 21.Qe2 Bc7 22.b4 Bb6
23.Rcd3 Bd7 24.R3d2 Rxf3 25.gxf3 Nxd4 26.Rxd4 Bxd4 27.Qd3 Bb6 28.Kg2 Be8
29.Qe2 Qf6 30.Qd3 a6 31.Bc2 Bf7 32.h4 Rc8 33.h5 Rc3 34.hxg6 Rxd3 35.gxf7+ Kxf7
36.Bxd3 Qb2 37.Be2 Qxa3 38.Rh1 Qxb4 39.Rxh6 Qe1 40.Bd3 Qxf2+ 41.Kh3 Qxf3
42.Be2 Qc3 43.Kg2 Qg7 44.Bh5+ Ke7 45.Rg6 Qb2+ 46.Kh3 Bc7 47.Bg4 Qe5  0-1

[Event "22nd GP Open A"]
[Site "Le Touquet FRA"]
[Date "2007.10.27"]
[Round "1"]
[White "Radulski,J"]
[Black "Krasucki,Y"]
[Result "1-0"]
[WhiteElo "2519"]
[BlackElo "2037"]

1.e4 e6 2.d4 d5 3.Nc3 Nf6 4.e5 Nfd7 5.f4 c5 6.Nf3 Nc6 7.Be3 cxd4 8.Nxd4 Bc5
9.Qd2 a6 10.O-O-O O-O 11.Kb1 Qc7 12.g4 Bxd4 13.Bxd4 b5 14.g5 b4 15.Ne2 a5
16.h4 Ba6 17.Rh2 Rfc8 18.h5 Ne7 19.Bh3 Qc6 20.Ng3 Nb6 21.Bxb6 Qxb6 22.f5 Rc3
23.Qe1 d4 24.g6 Re3 25.gxf7+ Kxf7 26.Qf2 Kg8 27.f6 Nd5 28.Qg1 Ra7 29.Ne4 Nc3+
30.Ka1 Nxe4 31.Rg2 g5 32.hxg6 h5 33.Qxe3  1-0

[Event "22nd GP Open A"]
[Site "Le Touquet FRA"]
[Date "2007.10.28"]
[Round "2"]
[White "Simon,O"]
[Black "Song,Ju"]
[Result "0-1"]
[WhiteElo "2397"]
[BlackElo "2111"]

1.e4 e6 2.d4 d5 3.Nc3 Nf6 4.e5 Nfd7 5.f4 c5 6.Nf3 Nc6 7.Be3 a6 8.Qd2 b5 9.a3 g5
10.fxg5 cxd4 11.Nxd4 Ncxe5 12.Bd3 Bg7 13.a4 b4 14.Nce2 a5 15.Ng3 O-O 16.Nh5 Nxd3+
17.cxd3 Bxd4 18.Bxd4 e5 19.Bf2 Ra6 20.O-O Rg6 21.Bh4 Qb6+ 22.Kh1 Qd4 23.Qe1 Ba6
24.Qg3 Qxd3 25.Rf3 Qd4 26.Re1 f5 27.Qh3 Qg4 28.Qxg4 fxg4 29.Rxf8+ Kxf8 30.Nf6 Nxf6
31.gxf6 e4 32.Rd1 Bc4 33.Re1 Kf7 34.Kg1 Rh6 35.Bg5 Rg6 36.Bh4 Rh6 37.Bg5 Rh5
38.Be3 Kxf6 39.Bd4+ Ke6 40.Kf2 Rxh2 41.Kg3 Rh6 42.Kxg4 Rg6+ 43.Kh3 Kf5 44.Kh2 Rc6
45.Rc1 Bb5 46.Rxc6 Bxc6 47.Kg3 Bxa4 48.Kf2 Bb5 49.Bb6 a4 50.Bc5 b3 51.Ke3 Kg4
52.Kf2 Bc4 53.Bd4 h5 54.Be5 Kf5 55.Bg7 Kf4 56.Bh6+ Kg4 57.Bg7 e3+  0-1